| 000 | 01186nam a2200229Ia 4500 | ||
|---|---|---|---|
| 001 | L110-781 | ||
| 003 | IT-CnALBA | ||
| 008 | 170116s9999||||xx |||||||||||||| ||und|| | ||
| 040 |
_aIT-CnALBA _cIT-CnALBA |
||
| 041 | _aITALIANO | ||
| 100 | _aFABRO P. CORNELIO, CSS. | ||
| 245 | 0 | _aDALL'ESSERE ALL'ESISTENTE. | |
| 250 | _a1a ed. | ||
| 260 |
_a BRESCIA _bMORCELLIANA EDITRICE _c1957 [1° Ed.:1957 - Ed.Ling.Originale: 1957] |
||
| 300 | _a522 p. | ||
| 500 | _aVERITÀ DELL'ESSERE E L'INIZIO DEL PENSIERO. SPIRITUALITÀ PROTESTANTE E PENSIERO MODERNO. FEDE E RAGIONE IN KIERKEGAARD E IN JASPERS. COMUNICAZIONE DELLA VERITÀ SECONDO KIERKEGAARD. AMBIGUITA' CRISTIANA IN KIERKEGAARD. METAFISICA E ONTOLOGIA. ESSERE E AZIO | ||
| 501 | _aSocietà San Paolo EM - Piazza San Paolo, 14 - 12051 ALBA (CN) (non commercial uses only) ® Copyright 2017 | ||
| 520 | _aVERITÀ DELL'ESSERE E L'INIZIO DEL PENSIERO. SPIRITUALITÀ PROTESTANTE E PENSIERO MODERNO. FEDE E RAGIONE IN KIERKEGAARD E IN JASPERS. COMUNICAZIONE DELLA VERITÀ SECONDO KIERKEGAARD. AMBIGUITA' CRISTIANA IN KIERKEGAARD. METAFISICA E ONTOLOGIA. ESSERE E AZIO | ||
| 650 | _aMETAFISICA | ||
| 942 | _cBK | ||
| 957 | _71 | ||
| 999 |
_a879 _bNO _g Copie: 1 _c260016 _d260016 |
||